[Event "25th Czech Open A 2014"]
[Site "Pardubice CZE"]
[Date "2014.07.22"]
[Round "5.39"]
[White "Camarena Gimenez, Rufino"]
[Black "Malakhov, Igor"]
[Result "1/2-1/2"]
[WhiteTitle "IM"]
[BlackTitle "IM"]
[WhiteElo "2343"]
[BlackElo "2454"]
[WhiteFideId "2211106"]
[BlackFideId "4183088"]
[EventDate "2014.07.18"]

1. d4 Nf6 2. c4 d6 3. Nf3 Nbd7 4. Nc3 e5 5. e4 Be7 6. Be2 c6 7. O-O O-O 8. Be3
Ng4 9. Bc1 Ngf6 10. Re1 a6 11. d5 cxd5 12. cxd5 b5 13. Bf1 Nb6 14. b4 Bd7 15.
Nd2 Qb8 16. Bb2 Rc8 17. h3 Nc4 18. Nxc4 bxc4 19. Ba3 Bd8 20. Rb1 Bb6 21. Bc1 Bd4
22. Qf3 a5 23. b5 Be8 24. Ba3 Ra7 25. Rec1 Rb7 26. g4 Bd7 27. g5 Ne8 28. h4 Bxb5
29. Nxb5 Rxb5 30. Rxb5 Qxb5 31. h5 g6 32. h6 Kf8 33. Bh3 Rc7 34. Bxd6+ Nxd6 35.
Qf6 Qb6 36. Qh8+ Ke7 37. Qf6+ Kf8 38. Qh8+ Ke7 1/2-1/2

[Event "25th Czech Open A 2014"]
[Site "Pardubice CZE"]
[Date "2014.07.22"]
[Round "5.40"]
[White "Yuffa, Daniil"]
[Black "Ageichenko, Genadi A"]
[Result "1-0"]
[WhiteTitle "IM"]
[BlackTitle "IM"]
[WhiteElo "2447"]
[BlackElo "2297"]
[WhiteFideId "24131423"]
[BlackFideId "4105222"]
[EventDate "2014.07.18"]

1. d4 d5 2. c4 c6 3. Nf3 Nf6 4. e3 Bf5 5. Nc3 e6 6. Nh4 Bg6 7. Qb3 Qc7 8. Nxg6
hxg6 9. g3 Nbd7 10. Bg2 Be7 11. O-O Nb6 12. cxd5 exd5 13. e4 Nxe4 14. Nxe4 dxe4
15. Bxe4 Qd7 16. Re1 Kf8 17. Bd2 Rd8 18. Bg2 Kg8 19. a4 Bf6 20. Bf4 Kh7 21. Be5
Rhe8 22. a5 Nd5 23. a6 b6 24. h4 Kg8 25. Rac1 g5 26. Bxf6 gxf6 27. hxg5 fxg5 28.
Re5 f6 29. Rxe8+ Qxe8 30. Qc2 Ne7 31. Bxc6 Qf7 32. Bg2 Rc8 33. Qd1 Kg7 34. Bb7
Rxc1 35. Qxc1 Nf5 36. Qc8 Nxd4 37. Qa8 g4 38. Bd5 Qg6 39. Qxa7+ Kh6 40. Qxb6
Qb1+ 41. Kg2 1-0

[Event "25th Czech Open A 2014"]
[Site "Pardubice CZE"]
[Date "2014.07.22"]
[Round "5.41"]
[White "Golubov, Saveliy"]
[Black "Rasik, Vitezslav"]
[Result "1/2-1/2"]
[BlackTitle "IM"]
[WhiteElo "2339"]
[BlackElo "2445"]
[WhiteFideId "24176729"]
[BlackFideId "300306"]
[EventDate "2014.07.18"]

1. e4 g6 2. d4 Bg7 3. Nc3 d6 4. f4 Nf6 5. Nf3 O-O 6. e5 dxe5 7. fxe5 Nd5 8. Bc4
Nxc3 9. bxc3 c5 10. Ng5 Nc6 11. O-O e6 12. Be3 Ne7 13. Ne4 cxd4 14. cxd4 Nf5 15.
Bf2 b6 16. g4 Ne7 17. Qf3 Bb7 18. Nf6+ Bxf6 19. Qxb7 Bg5 20. Qe4 Nd5 21. Bd3 Rc8
22. c4 Nf4 23. Bg3 Nxd3 24. Qxd3 Qc7 25. h4 Be7 26. Rac1 Rfd8 27. Qf3 Bf8 28. d5
Rd7 29. d6 Qc5+ 30. Kh2 Bg7 31. Qe4 Qc6 32. Qf4 Qa4 33. Rf2 Rc5 34. Qe4 Qc6 35.
Qxc6 Rxc6 36. c5 bxc5 37. Rfc2 f6 38. Rxc5 Rxc5 39. Rxc5 Kf7 40. exf6 Bxf6 41.
g5 Bd4 42. Rc7 Ke8 43. Rc8+ Kf7 44. Rc7 1/2-1/2

[Event "25th Czech Open A 2014"]
[Site "Pardubice CZE"]
[Date "2014.07.22"]
[Round "5.42"]
[White "Gordievsky, Dmitry"]
[Black "Villegas, Pierre"]
[Result "1-0"]
[WhiteTitle "FM"]
[BlackTitle "FM"]
[WhiteElo "2439"]
[BlackElo "2291"]
[WhiteFideId "24112798"]
[BlackFideId "654183"]
[EventDate "2014.07.18"]

1. d4 Nf6 2. Nf3 g6 3. Bg5 Bg7 4. Nbd2 O-O 5. e4 d5 6. exd5 Nxd5 7. c3 h6 8. Bh4
Nd7 9. Qb3 c6 10. Bc4 N7b6 11. Bxd5 cxd5 12. Bg3 Bf5 13. O-O Bd3 14. Rfe1 Ba6
15. Be5 e6 16. Bxg7 Kxg7 17. Ne5 Qg5 18. Re3 Rae8 19. Rae1 Re7 20. Qd1 h5 21. b3
Nc8 22. c4 Qf4 23. Nef3 dxc4 24. bxc4 Nd6 25. Qb3 b6 26. Qa3 1-0

[Event "25th Czech Open A 2014"]
[Site "Pardubice CZE"]
[Date "2014.07.22"]
[Round "5.43"]
[White "Roeder, Matthias"]
[Black "Schulz, Karsten"]
[Result "1/2-1/2"]
[WhiteTitle "IM"]
[BlackTitle "FM"]
[WhiteElo "2423"]
[BlackElo "2276"]
[WhiteFideId "4600223"]
[BlackFideId "4611446"]
[EventDate "2014.07.18"]

1. Nf3 g6 2. c4 Bg7 3. d4 d6 4. Nc3 e6 5. e4 Ne7 6. Be3 b6 7. Qd2 h6 8. Bd3 Bb7
9. h3 Nd7 10. O-O-O a6 11. Kb1 c5 12. Bc2 Qc7 13. Ba4 O-O-O 14. d5 exd5 15. exd5
b5 16. cxb5 Nb6 17. bxa6 Bxa6 18. Bb5 Bb7 19. Qc2 1/2-1/2

[Event "25th Czech Open A 2014"]
[Site "Pardubice CZE"]
[Date "2014.07.22"]
[Round "5.44"]
[White "Kozlitin, Oleg"]
[Black "Berchtenbreiter, Maximilian"]
[Result "1/2-1/2"]
[WhiteTitle "IM"]
[BlackTitle "IM"]
[WhiteElo "2331"]
[BlackElo "2419"]
[WhiteFideId "4143590"]
[BlackFideId "24641120"]
[EventDate "2014.07.18"]

1. g3 Nf6 2. Bg2 e5 3. c4 c6 4. d4 exd4 5. Qxd4 d5 6. Nc3 Be6 7. cxd5 cxd5 8.
Nf3 h6 9. O-O a6 10. Ne5 Be7 11. e4 Nc6 12. Qa4 b5 13. Nxc6 bxa4 14. Nxd8 Rxd8
15. exd5 Nxd5 16. Nxa4 Nb4 17. b3 Bf6 18. Bb2 Bxb2 19. Nxb2 Rd2 20. Nc4 Rxa2 21.
Rxa2 Nxa2 22. Ra1 Nc3 23. Rxa6 Ke7 24. Rb6 Rd8 25. h4 Rd1+ 26. Kh2 Rb1 27. Bf3
Bxc4 28. Rb7+ Kd6 29. bxc4 Rxb7 30. Bxb7 Kc5 31. Ba6 Ne4 32. Kg2 Nd2 33. g4 1/2-1/2

[Event "25th Czech Open A 2014"]
[Site "Pardubice CZE"]
[Date "2014.07.22"]
[Round "5.45"]
[White "Sundararajan, Kidambi"]
[Black "Paszewski, Mateusz"]
[Result "1-0"]
[WhiteTitle "GM"]
[WhiteElo "2414"]
[BlackElo "2100"]
[WhiteFideId "5005370"]
[BlackFideId "1141058"]
[EventDate "2014.07.18"]

1. b3 e5 2. Bb2 Nc6 3. e3 Nf6 4. Bb5 Bd6 5. Ne2 a6 6. Bxc6 dxc6 7. d3 O-O 8. Nd2
Qe7 9. O-O Bg4 10. f3 Be6 11. e4 Nh5 12. Kh1 Qg5 13. Qe1 Rae8 14. Rd1 Bc8 15.
Nc4 Re6 16. Qd2 Qd8 17. g4 Nf6 18. Ng3 Nd7 19. Nf5 Nb6 20. Nxb6 cxb6 21. d4 Qc7
22. dxe5 Bxe5 23. Bxe5 Qxe5 24. Qd4 c5 25. Qxe5 Rxe5 26. Nd6 g6 27. Kg2 Re7 28.
g5 Bd7 29. Rfe1 Bc6 30. Kg3 b5 31. e5 a5 32. h4 Ra8 33. h5 a4 34. h6 b6 35. f4
Kf8 36. Rd2 Rd7 37. Red1 Rad8 38. f5 Ke7 39. fxg6 fxg6 40. Rf2 Ke6 41. Rf6+ Ke7
42. Kf4 b4 43. Ke3 Rf8 44. Rxf8 Kxf8 45. Rf1+ Ke7 46. Rf7+ Ke6 47. Rf6+ Ke7 48.
Nc8+ 1-0

[Event "25th Czech Open A 2014"]
[Site "Pardubice CZE"]
[Date "2014.07.22"]
[Round "5.46"]
[White "Braeuer, Franz"]
[Black "Westerberg, Jonathan"]
[Result "1/2-1/2"]
[BlackTitle "FM"]
[WhiteElo "2317"]
[BlackElo "2412"]
[WhiteFideId "24634468"]
[BlackFideId "1701754"]
[EventDate "2014.07.18"]

1. e4 c5 2. Nf3 Nc6 3. d4 cxd4 4. Nxd4 Qb6 5. Nb3 Nf6 6. Nc3 e6 7. Qe2 a6 8. g4
d6 9. g5 Nd7 10. f4 Qc7 11. Be3 b5 12. Qf2 Bb7 13. Bg2 Nc5 14. Nxc5 dxc5 15. e5
Na5 16. O-O-O Rc8 17. Ne4 Bxe4 18. Bxe4 Nc4 19. Kb1 Be7 20. Bc1 O-O 21. h4 Rfd8
22. h5 Rxd1 23. Rxd1 Rd8 24. Qe2 Rxd1 25. Qxd1 g6 26. hxg6 1/2-1/2

[Event "25th Czech Open A 2014"]
[Site "Pardubice CZE"]
[Date "2014.07.22"]
[Round "5.47"]
[White "Yagupov, Igor"]
[Black "Marusenko, Petr"]
[Result "1-0"]
[WhiteTitle "GM"]
[BlackTitle "IM"]
[WhiteElo "2410"]
[BlackElo "2207"]
[WhiteFideId "4113632"]
[BlackFideId "14100606"]
[EventDate "2014.07.18"]

1. e4 c6 2. d4 d5 3. e5 c5 4. dxc5 e6 5. a3 Bxc5 6. b4 Bb6 7. Qg4 Ne7 8. Nf3 Nf5
9. Bd3 O-O 10. Bg5 Qe8 11. Bf6 g6 12. Qg5 Nd7 13. g4 h6 14. Qd2 Nxf6 15. exf6
Qd8 16. gxf5 Qxf6 17. Qxh6 Qxa1 18. c3 exf5 19. Ng5 Re8+ 20. Kd1 Be6 21. Re1 Bd4
22. Rxe6 Bg7 23. Rxg6 fxg6 24. Qxg6 Re7 25. Qh7+ Kf8 26. Qxf5+ Kg8 27. Qh7+ Kf8
28. Qf5+ Kg8 29. Qxd5+ Kh8 30. Nf7+ Rxf7 31. Qxf7 Rd8 32. Kc2 Rxd3 33. Qe8+ Kh7
34. Qe4+ Kh8 35. Qe8+ Kh7 36. Qe4+ Kh8 37. Qh4+ Kg8 38. Qc4+ Kh8 39. Qh4+ Kg8
40. Qc4+ Kh8 41. Qc8+ Kh7 42. Qf5+ Kh8 43. Qc8+ Kh7 44. Qf5+ Kh8 45. Qxd3 Qa2+
46. Kd1 Qxf2 47. Qh3+ Kg8 48. Qc8+ Kh7 49. Qh3+ Kg8 50. Qc8+ Kh7 51. Qxb7 Qf1+
52. Kc2 Qf5+ 53. Kb2 Qf2+ 54. Ka1 Qc2 55. Qxa7 Kh8 56. Qc5 Bh6 57. Qe5+ Kh7 58.
Qe7+ Kh8 59. Qf6+ Bg7 60. Qh4+ Kg8 61. Qc4+ Kh8 62. h4 Bh6 63. b5 1-0

[Event "25th Czech Open A 2014"]
[Site "Pardubice CZE"]
[Date "2014.07.22"]
[Round "5.48"]
[White "Spalir, Jernej"]
[Black "Vyskocil, Neklan"]
[Result "0-1"]
[WhiteTitle "FM"]
[BlackTitle "IM"]
[WhiteElo "2289"]
[BlackElo "2407"]
[WhiteFideId "14606518"]
[BlackFideId "307106"]
[EventDate "2014.07.18"]

1. d4 Nf6 2. c4 b6 3. Nf3 Bb7 4. Nc3 g6 5. Qc2 c5 6. d5 Bg7 7. g3 O-O 8. Bg2 e6
9. O-O exd5 10. cxd5 Nxd5 11. Nxd5 Bxd5 12. Rd1 Bc6 13. Bg5 Qe8 14. Bf4 Qe4 15.
Qxe4 Bxe4 16. Be5 d5 17. Bxg7 Kxg7 18. Ne5 Bxg2 19. Kxg2 d4 20. b4 Re8 21. Nd3
Na6 22. bxc5 bxc5 23. Rac1 Rac8 24. Kf1 c4 25. Ne1 Red8 26. Nf3 d3 27. exd3 c3
28. d4 Nb4 29. a3 Nd5 30. Ne5 Rd6 31. Nd3 Ra6 32. Nb4 Nxb4 33. axb4 Rb6 34. Ke2
Rxb4 35. Kd3 c2 36. Rd2 Rb3+ 37. Ke4 Rbc3 38. Ke5 Kf8 39. d5 Ke7 40. d6+ Kd7 41.
Kf6 a5 42. Kxf7 a4 43. Re2 a3 44. Re7+ Kxd6 45. Re6+ Kd5 46. Ra6 R3c7+ 47. Kf6
Rc6+ 0-1

[Event "25th Czech Open A 2014"]
[Site "Pardubice CZE"]
[Date "2014.07.22"]
[Round "5.49"]
[White "Pischikov, Vadim"]
[Black "Musat, Adrian"]
[Result "0-1"]
[BlackTitle "FM"]
[WhiteElo "2130"]
[BlackElo "2401"]
[WhiteFideId "4100280"]
[BlackFideId "1203452"]
[EventDate "2014.07.18"]

1. d4 Nf6 2. Nf3 e6 3. c4 c5 4. e3 d5 5. Nc3 a6 6. Bd3 dxc4 7. Bxc4 b5 8. Bd3
Nbd7 9. a4 cxd4 10. exd4 b4 11. Ne4 Bb7 12. Qe2 Nxe4 13. Bxe4 Bxe4 14. Qxe4 Be7
15. Bf4 O-O 16. O-O Nf6 17. Qb7 Nd5 18. Bg3 Qc8 19. Qxc8 Rfxc8 20. Rac1 b3 21.
Rxc8+ Rxc8 22. Nd2 Rc2 23. Nxb3 Rxb2 24. Nc5 a5 25. h3 h5 26. Rc1 h4 27. Be5 f6
28. Bh2 e5 29. Nd3 Rd2 30. Nc5 Rxd4 31. Kf1 Nb6 32. f4 exf4 33. Ne6 Rxa4 34. Rc7
Nd5 35. Rd7 Ne3+ 36. Kf2 Nf5 37. Nxf4 Bd6 38. Kf3 Be5 39. Kg4 g6 40. Kf3 Nd4+
41. Ke3 Nc2+ 42. Kf3 Ne1+ 43. Kf2 Bxf4 44. Bxf4 Rxf4+ 45. Kxe1 a4 46. Ke2 g5 47.
Ke3 Kf8 48. Ra7 Ke8 0-1

[Event "25th Czech Open A 2014"]
[Site "Pardubice CZE"]
[Date "2014.07.22"]
[Round "5.50"]
[White "Tomazini, Aljosa"]
[Black "Manik, Mikulas"]
[Result "1/2-1/2"]
[WhiteTitle "FM"]
[BlackTitle "GM"]
[WhiteElo "2283"]
[BlackElo "2394"]
[WhiteFideId "14608154"]
[BlackFideId "14900734"]
[EventDate "2014.07.18"]

1. d4 d5 2. Nf3 Nf6 3. c4 c6 4. e3 e6 5. b3 b6 6. Bd3 Bd6 7. Bb2 O-O 8. O-O c5
9. Nbd2 cxd4 10. exd4 Nc6 11. Ne5 Bb7 12. cxd5 Nxd5 13. Nxc6 Bxc6 14. Bxh7+ Kxh7
15. Qc2+ Kg8 16. Qxc6 Rc8 17. Qb5 Rc2 18. Nc4 Bxh2+ 19. Kxh2 Qh4+ 20. Kg1 Nf4
21. Rae1 Nxg2 22. Kxg2 Qg4+ 1/2-1/2

[Event "25th Czech Open A 2014"]
[Site "Pardubice CZE"]
[Date "2014.07.22"]
[Round "5.51"]
[White "Satyapragyan, Swayangsu"]
[Black "Kozusek, Daniel"]
[Result "1-0"]
[WhiteTitle "IM"]
[WhiteElo "2393"]
[BlackElo "2083"]
[WhiteFideId "5004306"]
[BlackFideId "349500"]
[EventDate "2014.07.18"]

1. d4 d5 2. Bg5 h6 3. Bh4 c6 4. Nf3 Qb6 5. Qc1 g5 6. Bg3 g4 7. Ne5 Qxd4 8. c4
Bg7 9. e3 Qc5 10. Nd2 dxc4 11. Bxc4 Be6 12. Nxf7 Bxc4 13. Nxh8 Bxh8 14. Qxc4
Qxc4 15. Nxc4 Nd7 16. O-O b5 17. Na5 c5 18. a4 b4 19. Nc4 Nb6 20. Rfc1 Nxc4 21.
Rxc4 Bxb2 22. Rb1 Bc3 23. Rxc5 Rd8 24. Be5 Bd2 25. Rc4 1-0

[Event "25th Czech Open A 2014"]
[Site "Pardubice CZE"]
[Date "2014.07.22"]
[Round "5.52"]
[White "Boruchovsky, Avital"]
[Black "Chovan, Milan"]
[Result "1-0"]
[WhiteTitle "GM"]
[WhiteElo "2503"]
[BlackElo "2049"]
[WhiteFideId "2800055"]
[BlackFideId "14933691"]
[EventDate "2014.07.18"]

1. c4 c5 2. Nf3 Nf6 3. d4 cxd4 4. Nxd4 e5 5. Nb5 d5 6. cxd5 Bc5 7. N5c3 O-O 8.
g3 Bf5 9. Bg2 e4 10. O-O Nbd7 11. Be3 Bxe3 12. fxe3 Bg6 13. Qd4 Qb6 14. Nd2 Rfe8
15. Nc4 Qxd4 16. exd4 Nb6 17. Nxb6 axb6 18. e3 Ra5 19. Rac1 Kf8 20. Rf2 Rd8 21.
h3 Nxd5 22. Nxd5 Rdxd5 23. a3 Rdb5 24. Rc7 Rb3 25. Rd2 Rd5 26. Kf2 Rdb5 27. Rcc2
Ke7 28. g4 Kd6 29. Bf1 Rg5 30. Bc4 Rd3 31. Bxd3 exd3 32. Rc8 h5 33. e4 hxg4 34.
Rxd3 Bxe4 35. Rg3 Rb5 36. hxg4 Rxb2+ 37. Ke1 Rb1+ 38. Kd2 Rb2+ 39. Kc1 Rb1+ 40.
Kd2 Rb2+ 41. Kd1 Rb1+ 42. Rc1 Rxc1+ 43. Kxc1 Kd5 44. Rb3 Kxd4 45. Kd2 f5 46. g5
f4 47. Rxb6 g6 48. Rf6 Ke5 49. a4 Bf5 50. a5 Be4 51. Ke2 Bc2 52. Kf3 Bd1+ 53.
Kg2 Bc2 54. Kh3 Bf5+ 55. Kh4 Bc2 56. Rb6 Be4 57. Rb5+ Bd5 58. Kg4 f3 59. Rb6 Be4
60. Rf6 Kd4 61. Kf4 Bd5 62. Kg3 Be4 63. Kf2 Kd5 64. Ke3 Ke5 65. Rb6 f2 66. Rf6
Bf5 67. Kxf2 Kf4 68. Rf7 1-0

[Event "25th Czech Open A 2014"]
[Site "Pardubice CZE"]
[Date "2014.07.22"]
[Round "5.53"]
[White "Lobanov, Sergei"]
[Black "Jovanic, Ognjen"]
[Result "0-1"]
[BlackTitle "GM"]
[WhiteElo "2277"]
[BlackElo "2482"]
[WhiteFideId "24183750"]
[BlackFideId "14504081"]
[EventDate "2014.07.18"]

1. e4 c6 2. d4 d5 3. exd5 cxd5 4. Bd3 Nc6 5. c3 Qc7 6. h3 Nf6 7. Nf3 g6 8. O-O
Bg7 9. Re1 O-O 10. Be3 Bf5 11. Bxf5 gxf5 12. Nh4 e6 13. g4 fxg4 14. hxg4 Ne7 15.
Nd2 Ng6 16. Nxg6 fxg6 17. Kg2 Rae8 18. f3 h5 19. g5 Nd7 20. f4 Nb6 21. Nf3 Nc4
22. Bc1 Nd6 23. Nh4 Qf7 24. Qd3 Nf5 25. Nf3 Rc8 26. Re2 Rc6 27. Bd2 Qc7 28. Rae1
Kf7 29. b3 Rd8 30. Kh3 a6 31. a4 Rb8 32. Kg2 b5 33. axb5 axb5 34. Ra1 b4 35.
cxb4 Qb6 36. Bc3 Rbc8 37. Be1 Nxd4 38. Rd1 Nxe2 39. Qxe2 Rc2 40. Bd2 Qxb4 0-1

[Event "25th Czech Open A 2014"]
[Site "Pardubice CZE"]
[Date "2014.07.22"]
[Round "5.54"]
[White "Pagerka, Martin"]
[Black "Sergeev, Vladimir"]
[Result "1/2-1/2"]
[BlackTitle "GM"]
[WhiteElo "2265"]
[BlackElo "2447"]
[WhiteFideId "14911230"]
[BlackFideId "14101076"]
[EventDate "2014.07.18"]

1. e4 Nf6 2. e5 Nd5 3. d4 d6 4. Nf3 Bg4 5. Be2 c6 6. O-O Bxf3 7. Bxf3 dxe5 8.
dxe5 e6 9. c4 Ne7 10. Qxd8+ Kxd8 11. Be4 Nd7 12. f4 Nf5 13. g4 Bc5+ 14. Kg2 Ne3+
15. Bxe3 Bxe3 16. Nc3 Ke7 17. Rf3 Bb6 18. g5 a5 19. Na4 Ba7 20. Rd1 g6 21. Nc3
h6 22. h4 hxg5 23. hxg5 Rh4 24. Rff1 Rah8 25. Rh1 Be3 26. Ne2 Rxh1 27. Rxh1 Rxh1
28. Kxh1 Nb6 29. b3 a4 30. Kg2 axb3 31. axb3 Bd2 32. Kf3 Nd7 33. Ng3 Nc5 34. Bc2
Kd7 35. Nf1 Bc1 36. Nh2 Ke7 37. Ng4 Na6 38. Nf2 Nc5 39. Ng4 Bd2 40. Nf2 Be1 41.
Ng4 Bd2 42. Nf2 b5 43. cxb5 cxb5 44. Ne4 Nxe4 45. Kxe4 Kd7 46. Bd3 Kc6 47. Bf1
Bc1 1/2-1/2

[Event "25th Czech Open A 2014"]
[Site "Pardubice CZE"]
[Date "2014.07.22"]
[Round "5.55"]
[White "Sanders, Isaac B"]
[Black "Plischki, Sebastian"]
[Result "0-1"]
[BlackTitle "IM"]
[WhiteElo "2262"]
[BlackElo "2433"]
[WhiteFideId "417661"]
[BlackFideId "4637143"]
[EventDate "2014.07.18"]

1. d4 Nf6 2. g3 c5 3. dxc5 e6 4. Be3 Na6 5. Bg2 Nxc5 6. c4 Be7 7. Nf3 O-O 8. O-O
b6 9. Ne5 Rb8 10. Nc3 Bb7 11. b4 Bxg2 12. Kxg2 Na6 13. a3 Qc7 14. Bf4 g5 15. Ng6
Qb7+ 16. f3 hxg6 17. Bxb8 Nxb8 18. Rc1 d6 19. Qd2 g4 20. Qf4 gxf3+ 21. Qxf3
Qxf3+ 22. exf3 Nbd7 23. Nb5 a6 24. Nc7 Nb8 25. Na8 Nfd7 26. a4 Nc6 27. b5 Nb4
28. Nc7 a5 29. Rfd1 Nc5 30. Na6 Ncxa6 31. bxa6 Nxa6 32. h4 Rc8 33. f4 Nc5 34. h5
gxh5 35. Rh1 h4 36. Kf3 Nxa4 37. gxh4 Kh7 38. h5 Nb2 39. h6 Nxc4 0-1

[Event "25th Czech Open A 2014"]
[Site "Pardubice CZE"]
[Date "2014.07.22"]
[Round "5.56"]
[White "Mukashev, Assan"]
[Black "Feher, Adam"]
[Result "1-0"]
[WhiteElo "2261"]
[BlackElo "2398"]
[WhiteFideId "13703803"]
[BlackFideId "739081"]
[EventDate "2014.07.18"]

1. Nf3 Nf6 2. e3 d5 3. c4 e6 4. b3 Be7 5. Bb2 O-O 6. Be2 b6 7. cxd5 exd5 8. O-O
c5 9. d4 Bb7 10. Nc3 Nbd7 11. Qc2 Rc8 12. Rac1 a6 13. dxc5 bxc5 14. Rfd1 Re8 15.
Ng5 h6 16. Nh3 Bd6 17. Bf3 Nb6 18. Kh1 Qe7 19. Ne2 Bb8 20. Ng3 Nbd7 21. Ba3 Qe6
22. Kg1 Qb6 23. Qd2 Ne5 24. Be2 Red8 25. Nf5 Qe6 26. Ng3 d4 27. Bxc5 d3 28. Nf4
Qc6 29. Bf1 Ne4 30. Nxe4 Qxe4 31. f3 Qf5 32. Qb4 Nxf3+ 33. gxf3 Bxf3 34. Rxd3
Qg4+ 35. Kf2 Ba8 36. Ke1 Qh4+ 37. Kd1 Qxh2 38. Rc2 Qg1 39. Qe1 Be4 40. Rxd8+
Rxd8+ 41. Rd2 Re8 42. Qf2 Qg4+ 43. Be2 Qf5 44. b4 g5 45. Nd3 Qd7 46. Nb2 Qh3 47.
Nc4 g4 48. Nd6 Bxd6 49. Bxd6 Rc8 50. Rd4 Bc2+ 51. Kd2 Bg6 52. Bd3 Qh1 53. Bc5
Bxd3 54. Rxd3 Qa1 55. Qf5 Qxa2+ 56. Ke1 Qb1+ 57. Kf2 g3+ 58. Kg2 Qc2+ 59. Kxg3
Re8 60. Qg4+ Kh7 61. Qf5+ Kg8 62. Kf3 Qb1 63. Qg4+ Kh7 64. Ke2 Qc2+ 65. Rd2 Qb1
66. Qd7 Rg8 67. Qd3+ 1-0

[Event "25th Czech Open A 2014"]
[Site "Pardubice CZE"]
[Date "2014.07.22"]
[Round "5.57"]
[White "Grekh, Andrey"]
[Black "Vogel, Roven"]
[Result "1/2-1/2"]
[WhiteTitle "IM"]
[WhiteElo "2396"]
[BlackElo "2257"]
[WhiteFideId "14112418"]
[BlackFideId "12908088"]
[EventDate "2014.07.18"]

1. e4 e5 2. Nf3 Nc6 3. d4 exd4 4. c3 Nf6 5. e5 Nd5 6. cxd4 Bb4+ 7. Bd2 Bxd2+ 8.
Qxd2 d6 9. Nc3 Be6 10. Bb5 O-O 11. O-O Nxc3 12. Bxc6 bxc6 13. Qxc3 Bd5 14. Ne1
f6 15. exd6 cxd6 16. Nd3 Qd7 17. Nb4 Qf7 18. Rac1 a5 19. Nxd5 Qxd5 20. Qc4 Qxc4
21. Rxc4 Rfb8 22. b3 Rb6 23. Rfc1 Raa6 24. f4 d5 25. R4c3 Rb4 26. Rd3 a4 27. Re1
Kf7 28. f5 axb3 29. axb3 Ra7 30. Kf2 Re7 31. Rc1 Rb6 32. Rdc3 Re4 33. Rxc6 Rxc6
34. Rxc6 Rxd4 35. Rc7+ Kf8 36. Rc3 Rd2+ 37. Kf3 Rb2 38. h3 Ke7 39. Rc7+ Kd6 40.
Rxg7 Ke5 41. Rxh7 Rxb3+ 42. Kg4 Rb4+ 43. Kf3 Rb3+ 1/2-1/2

[Event "25th Czech Open A 2014"]
[Site "Pardubice CZE"]
[Date "2014.07.22"]
[Round "5.58"]
[White "Mueller, Ralf1"]
[Black "Mishin, Alexei"]
[Result "1-0"]
[WhiteTitle "FM"]
[WhiteElo "2392"]
[BlackElo "2228"]
[WhiteFideId "4606612"]
[BlackFideId "4157940"]
[EventDate "2014.07.18"]

1. Nf3 c5 2. c4 Nf6 3. Nc3 d5 4. cxd5 Nxd5 5. g3 Nc6 6. Bg2 Nc7 7. O-O e5 8. a3
Be7 9. b4 O-O 10. bxc5 Ne6 11. Ne4 f5 12. Nd6 e4 13. Nxc8 Bf6 14. Ne1 Bxa1 15.
Nd6 Nxc5 16. Nc4 Na5 17. Nxa5 Qxa5 18. d4 Qa4 19. Nc2 Bc3 20. Be3 Nb3 21. f3
exf3 22. Bxf3 Qd7 23. Nb4 Nxd4 24. Bd5+ Kh8 25. Bxd4 Bxb4 26. axb4 Rfd8 27. e4
fxe4 28. Qh5 Rf8 29. Qg5 Rxf1+ 30. Kxf1 Re8 31. h4 e3 32. h5 Qc7 33. Kg2 Rf8 34.
h6 Rf2+ 35. Kh3 Qd7+ 36. Qg4 Rh2+ 37. Kxh2 Qxg4 38. hxg7+ Qxg7 39. Bxg7+ Kxg7
40. Kg2 b6 41. b5 Kf6 42. Kf3 Ke5 43. Bc4 1-0

[Event "25th Czech Open A 2014"]
[Site "Pardubice CZE"]
[Date "2014.07.22"]
[Round "5.59"]
[White "Kratochvil, Josef"]
[Black "Sergeyev, Alexander"]
[Result "1/2-1/2"]
[WhiteTitle "FM"]
[BlackTitle "FM"]
[WhiteElo "2257"]
[BlackElo "2389"]
[WhiteFideId "328626"]
[BlackFideId "13702076"]
[EventDate "2014.07.18"]

1. d4 Nf6 2. Nf3 c5 3. c4 e6 4. Nc3 cxd4 5. Nxd4 Nc6 6. g3 Qb6 7. e3 Bb4 8. Bg2
d5 9. Nxc6 bxc6 10. cxd5 cxd5 11. O-O O-O 12. Bd2 Rb8 13. a3 Be7 14. b4 Ba6 15.
Re1 Rfc8 16. Na4 Qd8 17. Bc3 Bc4 18. Nb2 Bb5 19. Be5 Rb7 20. Qd2 Nd7 21. Bc3
Rbc7 22. Rec1 Nb6 23. a4 Nc4 24. Nxc4 Bxc4 25. b5 Bf6 26. Bxf6 Qxf6 27. Rab1 Rc5
28. h4 g5 29. hxg5 Qxg5 30. Bf3 e5 31. Qd1 Rd8 32. Rb4 Qe7 33. Rcb1 d4 34. exd4
Rxd4 35. Qe1 Qf6 36. Bg2 Bd3 37. R1b2 Qg5 38. f4 Rxb4 39. Rxb4 exf4 40. Rxf4 Bg6
41. Qe3 h5 42. Kh2 Kg7 43. Qd4+ 1/2-1/2

[Event "25th Czech Open A 2014"]
[Site "Pardubice CZE"]
[Date "2014.07.22"]
[Round "5.60"]
[White "Jasny, Stanislav"]
[Black "Raghavi, N."]
[Result "1-0"]
[WhiteTitle "IM"]
[BlackTitle "WIM"]
[WhiteElo "2385"]
[BlackElo "2227"]
[WhiteFideId "311030"]
[BlackFideId "5017173"]
[EventDate "2014.07.18"]

1. e4 c5 2. Nf3 Nc6 3. d4 cxd4 4. Nxd4 e5 5. Nb5 d6 6. c4 Be7 7. Bd3 a6 8. N5c3
Bg5 9. Nd2 Nge7 10. O-O O-O 11. b3 Nd4 12. Bb2 Rb8 13. Nd5 Nec6 14. Nb1 g6 15.
Nbc3 f5 16. exf5 gxf5 17. f4 Bh6 18. Qh5 Bg7 19. Rad1 b5 20. Ne2 Nxe2+ 21. Bxe2
Be6 22. Kh1 Ne7 23. fxe5 Bf7 24. Qh3 Nxd5 25. cxd5 Bg6 26. Bd3 Rc8 27. Rxf5 Rc5
28. Rxf8+ Qxf8 29. Bxg6 hxg6 30. Ba3 Rc2 31. Bxd6 Qf2 32. Qf3 Rd2 33. Qxf2 1-0

[Event "25th Czech Open A 2014"]
[Site "Pardubice CZE"]
[Date "2014.07.22"]
[Round "5.61"]
[White "Repka, Christopher"]
[Black "Furman, Boris"]
[Result "1-0"]
[BlackTitle "FM"]
[WhiteElo "2380"]
[BlackElo "2225"]
[WhiteFideId "14918781"]
[BlackFideId "4107187"]
[EventDate "2014.07.18"]

1. d4 Nf6 2. c4 e6 3. Nc3 Bb4 4. Qc2 d5 5. Nf3 Nc6 6. e3 O-O 7. Bd2 a6 8. a3
Bxc3 9. Bxc3 Ne4 10. Bd3 f5 11. b4 Bd7 12. b5 Ne7 13. bxa6 bxa6 14. O-O Ng6 15.
Ba5 Ra7 16. Rac1 Qf6 17. Qb3 Bc6 18. cxd5 Bxd5 19. Bc4 Rb7 20. Qd3 c6 21. Bxd5
cxd5 22. Qxa6 Qf7 23. Bb4 Rfb8 24. Rc6 Re8 25. Rfc1 Ra7 26. Qb5 Rb7 27. Qa4 Ra7
28. Qc2 f4 29. Rc7 Rxc7 30. Qxc7 fxe3 31. Qxf7+ Kxf7 32. fxe3 Ra8 33. Rc7+ Kf6
34. g4 Ng5 35. Nxg5 Kxg5 36. h3 Kf6 37. h4 h5 38. gxh5 Nh8 39. Be7+ Kf5 40. Bd6
Kg4 41. Rxg7+ Kxh5 42. Kh2 Kxh4 43. Be5 Rxa3 44. Rh7+ Kg4 45. Rxh8 Rxe3 46. Rf8
Ra3 47. Kg2 Ra6 48. Kf2 Rc6 49. Ke3 Rc3+ 50. Kd2 Rc6 51. Kd3 Kg5 52. Rf7 Kg4 53.
Rc7 Rb6 54. Rg7+ Kf5 55. Rf7+ Kg6 56. Rf6+ Kg5 57. Kc3 Kg4 58. Rf8 Kg5 59. Rb8
Rc6+ 60. Kb4 Kg6 61. Rf8 1-0